| 000 | 00377nam a2200157Ia 4500 | ||
|---|---|---|---|
| 008 | 230917s9999||||xx |||||||||||||| ||und|| | ||
| 020 | _cPOU13.5 | ||
| 040 |
_e13926 _aMAIN |
||
| 041 | _aEnglish | ||
| 082 | _a519.2 C819T | ||
| 100 | _aCox, D R | ||
| 245 | 0 | _aTheory of stochestic processes | |
| 260 |
_aLondon _bChapuran and hall _c1987 |
||
| 300 | _aix,397 p. | ||
| 942 | _cBK | ||
| 999 |
_c61884 _d61884 |
||